000 00523nam a2200181 4500
001 6983
005 20230410105559.0
008 060907n2000 dr spa
020 _a2910386120
035 _9funglode7047
041 _aFR
050 1 4 _aHD 1927 R561d 2000
100 _aRiesel, René
245 1 _aDéclarations sur l'agriculture transgénique et ceux que prétendent s'y opposer /
_cRené Riesel
260 _aParis :
_bL'Encyclopédie des Nuisances,
_c2000
300 _a103 p.
942 _2lcc
_cbk
999 _c39641
_d39641